It looks like you're offline.
Open Library logo
additional options menu

MARC Record from Scriblio

Record ID marc_records_scriblio_net/part10.dat:105907327:758
Source Scriblio
Download Link /show-records/marc_records_scriblio_net/part10.dat:105907327:758?format=raw

LEADER: 00758nam 2200217 i 4500
001 77551254
003 DLC
005 19770930000000.0
008 770915s1975 gw bd 00010 ger
010 $a 77551254
015 $aGFR76-B18
050 0 $aH49.5$b.K63
100 10 $aKoch, Heinz.
245 10 $aEnglisch-deutsches Glossar sozialwissenschaftlicher Begriffe /$czsgest. u. bearb. von Heinz Koch und Manfred Molenaar.
260 0 $aDuisburg :$bSozialwiss. Kooperative,$c1975.
300 $a97 p. ;$c21 cm.
440 0 $aSozialwissenschaftliche Schriften ;$v8
504 $aIncludes bibliographical references.
650 0 $aSocial sciences$xDictionaries$xEnglish.
650 0 $aEnglish language$xDictionaries$xGerman.
700 10 $aMolenaar, Manfred,$ejoint author.